000 01839cam a22004694i 4500
003 PE-LiUPU
005 20250731172946.0
008 150623s1993 na a rb 000 0 eng d
020 _a0931464668
020 _a9780931464669
035 _a(Sirsi) i9780931464669
040 _aPE-LiUPU
_bspa
_cPE-LiUPU
_erda
049 _aPRUA
082 0 4 _a223.7066
_bS62
_221
100 1 _aSnell, Daniel C.,
_eautor.
245 1 0 _aTwice-told proverbs and the composition of the book of Proverbs /
_cDaniel C. Snell.
264 1 _aWinona Lake, Indiana :
_bEisenbrauns,
_c1993.
300 _a146 páginas :
_bilustraciones ;
_c29 centímetros
336 _atext
_2rdacontent
337 _aunmediated
_2rdamedia
338 _avolume
_2rdacarrier
504 _aIncluye bibliografía.
505 0 _aIntroduction -- Theories of composition -- Theories about repetition -- How are verses repeated? -- Catalog of repeated verses in the Septuagint -- Catalog of repeated verses -- Significance of repetitions -- Composition of the book -- Conclusion.
526 _aSEG42
526 _aSEG41
526 _aSEG40
526 _aSEG39
526 _aP94
526 _aP87
526 _aP86
526 _aP85
526 _aP77
526 _aP76
526 _aP35
630 _aBiblia.
_pA.T.
_pProverbios
_xCrítica, interpretación, etc.
942 _2ddc
_cBOOK
949 _a223.7066 S62
_wDEWEY
_c1
_i44778
_d2016-11-18
_e2016-11-17
_lCCODEBUL1
_mBUL
_n1
_r0
_sY
_tBOOK
_u2015-6-24
_xTEOLOGIA
_PP35
_0COMPRA
_o.STAFF. Colección Teología
994 _aC0
_bPEPRU
596 _a1
999 _a223.7066 S62
_wDEWEY
_c21648
_i44778
_d21648
_e2016-11-17
_f2021-11-9
_g6
_lCCODEBUL1
_mBUL
_n1
_p30.00
_r0
_sY
_tBOOK
_u2015-6-24
_xTEOLOGIA
_PP35
_0COMPRA
_o.STAFF. Colección Teología
980 _81
_gALBERTO SANCHEZ Responsable de Automatización